A course in linear algebra with applications

Αποθηκεύτηκε σε:
Λεπτομέρειες βιβλιογραφικής εγγραφής
Κύριος συγγραφέας: Robinson, Derek John Scott
Μορφή: Βιβλίο
Γλώσσα:English
Δημοσίευση: Singapore : World Scientific, 1991
Θέματα:
Ετικέτες: Προσθήκη ετικέτας
Δεν υπάρχουν, Καταχωρήστε ετικέτα πρώτοι!

MARC

LEADER 00000nam a2200000 i 4500
001 1/67303
008 071212s1991 eng d
020 |a 981-02-0567-8 
035 |l 10093032 
040 |a GR-MY-UA  |b gre  |e aacr 
041 0 |a eng 
082 0 |a 512.5  |2 (22) 
100 1 |a Robinson, Derek John Scott. 
245 1 2 |a A course in linear algebra with applications /  |c Derek J. S. Robinson 
260 |a Singapore :   |b World Scientific,   |c 1991 
300 |a xiii, 422 σ.;  |c 22 εκ. 
504 |a Βιβλιογραφία: σ. 413-414. Ευρετήριο 
650 0 0 |a Algebras, Linear. 
852 |a INST  |b CHIOS  |e 20071212  |h 512.5 ROB  |p 005200028372  |q 005200028372  |t BK  |y 0 
901 |a BIBL2-2007-3 
909 |a Χ  |b 140744 
922 |a 2ΕΛΗ  |b 200711  |c ΕΠΕΑΕΚ2/ΤΜΟΔ  |d ΠΑΠΑΣΩΤΗΡΙΟΥ 
970 |a ΑΤΣΑΛΗ  |b ΔΕΣΠΟΙΝΑ  |z 2007/12/12